| 000 | 00660nam a22002417a 4500 | ||
|---|---|---|---|
| 001 | 00260 | ||
| 003 | DO-SdBNP | ||
| 005 | 20231109122410.0 | ||
| 008 | 151125b1995 nyu | 00| 0 eng d | ||
| 020 | _a0385311923 | ||
| 040 |
_aBPMSU _bspa _cBPMSU |
||
| 041 | _aeng | ||
| 082 | 4 |
_a813.5 _bS813L 1995 _222 |
|
| 100 | 1 |
_a Steel, Danielle, _d1947-. |
|
| 245 | 1 | 0 |
_aLightning / _cDanielle Steel _b |
| 260 |
_aNew York, N.Y. : _bDelacorte Press, _c1995 |
||
| 300 |
_a396 p. ; _c23 cm. |
||
| 590 | _aInventariado,2023/VM | ||
| 650 | 4 | _vNovela estadounidense | |
| 650 | 4 |
_aMujeres abogadas _vNovela |
|
| 910 | _aVMateo V. Control de calidad. BPMSU | ||
| 942 |
_2ddc _cBK |
||
| 999 |
_c14489 _d14489 |
||